000 00627nam a2200229Ia 4500
003 OSt
005 20220923224828.0
006 a|||||r|||| 00| 0
007 ta
008 220922b |||||||| |||| 00| 0 hin d
024 _a251,485
037 _cTextual
040 _aARTS
_cARTS
_bhin
041 _2hin
_ahin
082 _aQ1:31I, 152M5
100 _aउप्रेती, जयदत
_9156275
245 0 _aवेद में इन्द्र
246 _aVed mean indra
260 _c2010
942 _hQ1:31I, 152M5
_cTEXL
_2CC
999 _c373938
_d373938